Capitales avec la lettre M comme troisième lettre - Statistiques

Statistiques générales
  • Ce quiz a été pris 136 fois
  • Le résultat moyen est 5 sur 9
Statistiques - réponses
Réponse % Correct
Lima
81%
Bamako
71%
Rome
67%
Amman
63%
Damas
59%
Lomé
55%
Asmara
53%
Kampala
49%
Yamoussoukro
48%
Aucun quiz correspondant
Distribution des résultats
% des personnes avec chaque résultat
Percentile par nombre de réponses
Votre historique - résultats
Vous n’avez pas pris ce quiz